Countries that start with A. - Statistics

General Stats
  • This quiz has been taken 33 times
  • The average score is 10 of 11
Answer Stats
Hint Answer % Correct
Africa Angola
97%
South America Argentina
97%
Europe Andorra
94%
Oceania Australia
94%
Asia Afghanistan
91%
Europe Albania
91%
Africa Algeria
91%
Europe Austria
91%
North America Antigua and Barbuda
88%
Asia Azerbaijan
88%
Asia Armenia
81%
No matching quizzes found
Score Distribution
Percent of People with Each Score
Percentile by Number Answered
Your Score History
You have not taken this quiz